|
|
|
|
| LEADER |
00687nam a22002051 4500 |
| 001 |
c000074986 |
| 003 |
CARM |
| 005 |
00000000000000.0 |
| 008 |
740813s1966 enk 00000 eng |
| 015 |
|
|
|a B66-18443
|
| 019 |
1 |
|
|a 714286
|5 LACONCORD2021
|
| 035 |
|
|
|a (OCoLC)2282835
|5 LACONCORD2021
|
| 050 |
0 |
0 |
|a PZ4.M314
|b Ei
|
| 100 |
1 |
|
|a March, Hilary.
|
| 245 |
1 |
0 |
|a Either/or.
|
| 260 |
|
|
|a London,
|b Secker & Warburg,
|c 1966.
|
| 300 |
|
|
|a 222 p.
|c 20 1/2 cm.
|
| 852 |
8 |
|
|b CARM
|h A2:AH16G0
|i A01707
|p 0133260
|f BK
|
| 999 |
f |
f |
|i e83d8cf6-d95f-5629-8e85-767ea8eb4673
|s 0cc70ac1-0873-5258-a1af-43c242cee2b2
|
| 952 |
f |
f |
|p Can circulate
|a CAVAL
|b CAVAL
|c CAVAL
|d CARM 1 Store
|e A01707
|f A2:AH16G0
|h Other scheme
|i book
|m 0133260
|